Second world war / (Record no. 129774)
[ view plain ]
| 000 -LEADER | |
|---|---|
| fixed length control field | 00607nam a22002177a 4500 |
| 005 - DATE AND TIME OF LATEST TRANSACTION | |
| control field | 20170124110102.0 |
| 010 ## - LIBRARY OF CONGRESS CONTROL NUMBER | |
| LC control number | A-435977 |
| 020 ## - INTERNATIONAL STANDARD BOOK NUMBER | |
| Terms of availability | 00.00 |
| 035 ## - SYSTEM CONTROL NUMBER | |
| System control number | A-435977 |
| 037 ## - SOURCE OF ACQUISITION | |
| Source of stock number/acquisition | Cen Lib/Ret |
| 040 ## - CATALOGING SOURCE | |
| Original cataloging agency | DPL |
| Language of cataloging | EN |
| 082 ## - DEWEY DECIMAL CLASSIFICATION NUMBER | |
| Classification number | 954.0845 |
| Item number | GIL |
| 100 ## - MAIN ENTRY--PERSONAL NAME | |
| Personal name | Gilbert, Martin |
| 9 (RLIN) | 27352 |
| 245 ## - TITLE STATEMENT | |
| Title | Second world war / |
| Statement of responsibility, etc | by Martin Gilbert |
| 260 ## - PUBLICATION, DISTRIBUTION, ETC. (IMPRINT) | |
| Name of publisher, distributor, etc | Fontana |
| Date of publication, distribution, etc | 1990 |
| Place of publication, distribution, etc | London |
| 270 ## - ADDRESS | |
| Address | 8 grafton street |
| City | London |
| 300 ## - PHYSICAL DESCRIPTION | |
| Extent | xvii, 846p. |
| Dimensions | 20cm(Hb) |
| 500 ## - GENERAL NOTE | |
| General note | Includes index and maps |
| 650 ## - SUBJECT ADDED ENTRY--TOPICAL TERM | |
| Topical term or geographic name as entry element | History |
| Geographic subdivision | Second world war |
| 9 (RLIN) | 27353 |
| 942 ## - ADDED ENTRY ELEMENTS (KOHA) | |
| Source of classification or shelving scheme | Dewey Decimal Classification |
| Koha item type | English Books |
| Classification part | 954.0845 |
| Call number suffix | GIL |
| Withdrawn status | Lost status | Damaged status | Not for loan | Home library | Current library | Date acquired | Source of acquisition | Cost, normal purchase price | Total Checkouts | Full call number | Barcode | Date last seen | Copy number | Cost, replacement price | Price effective from | Koha item type |
|---|---|---|---|---|---|---|---|---|---|---|---|---|---|---|---|---|
| Central Library | Central Library | 07/07/2015 | Cen Lib/Ret | 0.00 | 954.0845 GIL | A-435977 | 07/07/2015 | 1 | 0.00 | 07/07/2015 | English Books |
